[Event "Campeonato España Sub 12"]
[Site "Salobreña"]
[Date "2017.07.12"]
[Round "4"]
[White "Luque Saiz, Andres"]
[Black "Lopez Varela, Pablo"]
[Result "1/2-1/2"]
[Board "5"]
[WhiteClock "1:30"]
[WhiteElo "1821"]
[WhiteCountry "ESP"]
[WhiteFideId "24510793"]
[WhiteEloChange "-3"]
[BlackClock "1:30"]
[BlackElo "1724"]
[BlackCountry "ESP"]
[BlackFideId "32092105"]
[BlackEloChange "3"]

1. e4 {[%clk 1:30:00]} e5 {[%clk 1:30:00]} 2. d4 {[%clk 1:31:00]} exd4 {[%clk
1:30:00]} 3. Nf3 {[%clk 1:31:00]} d6 {[%clk 1:30:00]} 4. Nxd4 {[%clk 1:31:00]}
Nf6 {[%clk 1:30:00]} 5. Nc3 {[%clk 1:31:00]} Be7 {[%clk 1:30:00]} 6. Be2 {[%clk
1:29:00]} O-O {[%clk 1:30:00]} 7. O-O {[%clk 1:30:00]} Re8 {[%clk 1:30:00]} 8.
Bf4 {[%clk 1:28:00]} Bf8 {[%clk 1:30:00]} 9. f3 {[%clk 1:27:00]} Nbd7 {[%clk
1:29:00]} 10. Qd2 {[%clk 1:26:00]} Ne5 {[%clk 1:22:00]} 11. Rad1 {[%clk 1:24:00]}
Bd7 {[%clk 1:20:00]} 12. Rfe1 {[%clk 1:23:00]} Ng6 {[%clk 1:16:00]} 13. Be3
{[%clk 1:20:00]} Qe7 {[%clk 1:14:00]} 14. Bf2 {[%clk 1:15:00]} a6 {[%clk
1:10:00]} 15. Bg3 {[%clk 1:04:00]} Nh5 {[%clk 1:05:00]} 16. Nd5 {[%clk 1:02:00]}
Qd8 {[%clk 1:05:00]} 17. Bf2 {[%clk 1:02:00]} c6 {[%clk 1:04:00]} 18. Ne3 {[%clk
1:01:00]} Ngf4 {[%clk 1:02:00]} 19. Ndf5 {[%clk 0:58:00]} Bxf5 {[%clk 0:50:00]}
20. Nxf5 {[%clk 0:58:00]} Qg5 {[%clk 0:50:00]} 21. g3 {[%clk 0:51:00]} d5 {[%clk
0:34:00]} 22. Be3 {[%clk 0:37:00]} dxe4 {[%clk 0:28:00]} 23. Bxf4 {[%clk
0:37:00]} Qxf5 {[%clk 0:28:00]} 24. fxe4 {[%clk 0:37:00]} Bc5+ {[%clk 0:28:00]}
25. Be3 {[%clk 0:30:00]} Rxe4 {[%clk 0:19:58]} 26. Bxh5 {[%clk 0:24:00]} Rxe3
{[%clk 0:15:31]} 27. Rxe3 {[%clk 0:23:00]} Qg5 {[%clk 0:15:29]} 28. Re1 {[%clk
0:21:00]} Re8 {[%clk 0:15:10]} 29. Bxf7+ {[%clk 0:21:00]} Kxf7 {[%clk 0:15:24]}
30. Qf2+ {[%clk 0:20:00]} Kg6 {[%clk 0:12:57]} 31. Rxe8 {[%clk 0:20:00]} Bxf2+
{[%clk 0:12:07]} 32. Kxf2 {[%clk 0:20:00]} Qc5+ {[%clk 0:12:25]} 33. Kg2 {[%clk
0:21:00]} Qxc2+ {[%clk 0:12:13]} 34. R1e2 {[%clk 0:21:00]} Qc5 {[%clk 0:11:31]}
35. R8e5 {[%clk 0:21:00]} Qc4 {[%clk 0:10:17]} 36. b3 {[%clk 0:21:00]} Qb4 {[%clk
0:10:07]} 37. Re6+ {[%clk 0:20:00]} Kf7 {[%clk 0:10:31]} 38. R6e4 {[%clk
0:21:00]} Qd6 {[%clk 0:10:31]} 1/2-1/2

[Event "Campeonato España Sub 12"]
[Site "Salobreña"]
[Date "2017.07.12"]
[Round "4"]
[White "Mendoza Barcia, Pedro"]
[Black "Reguillaga Elias, Manex"]
[Result "0-1"]
[Board "6"]
[WhiteClock "1:30"]
[WhiteElo "1743"]
[WhiteCountry "ESP"]
[WhiteFideId "32055641"]
[WhiteEloChange "-8"]
[BlackClock "1:30"]
[BlackElo "1817"]
[BlackCountry "ESP"]
[BlackFideId "24516341"]
[BlackEloChange "8"]

1. e4 {[%clk 1:30:00]} e6 {[%clk 1:30:00]} 2. d4 {[%clk 1:31:00]} d5 {[%clk
1:31:00]} 3. Nc3 {[%clk 1:31:00]} Nf6 {[%clk 1:31:00]} 4. e5 {[%clk 1:32:00]}
Nfd7 {[%clk 1:31:00]} 5. Nf3 {[%clk 1:32:00]} c5 {[%clk 1:32:00]} 6. Bg5 {[%clk
1:31:00]} Qb6 {[%clk 1:30:00]} 7. dxc5 {[%clk 1:30:00]} Bxc5 {[%clk 1:25:00]} 8.
Na4 {[%clk 1:26:00]} Qa5+ {[%clk 1:23:00]} 9. c3 {[%clk 1:26:00]} Be7 {[%clk
1:23:00]} 10. Bf4 {[%clk 1:13:00]} b5 {[%clk 1:23:00]} 11. Nc5 {[%clk 1:06:00]}
Bxc5 {[%clk 1:22:00]} 12. b4 {[%clk 1:06:00]} Bxb4 {[%clk 1:22:00]} 13. cxb4
{[%clk 1:07:00]} Qxb4+ {[%clk 1:23:00]} 14. Bd2 {[%clk 1:07:00]} Qe4+ {[%clk
1:23:00]} 15. Qe2 {[%clk 1:04:00]} O-O {[%clk 1:14:00]} 16. Qxe4 {[%clk 0:58:00]}
dxe4 {[%clk 1:14:00]} 17. Ng5 {[%clk 0:59:00]} Bb7 {[%clk 1:13:00]} 18. Bxb5
{[%clk 0:58:00]} Nxe5 {[%clk 1:13:00]} 19. O-O {[%clk 0:58:00]} h6 {[%clk
1:13:00]} 20. Nh3 {[%clk 0:57:00]} Ba6 {[%clk 1:13:00]} 21. Rab1 {[%clk 0:57:00]}
Bxb5 {[%clk 1:13:00]} 22. Rxb5 {[%clk 0:57:00]} Nbc6 {[%clk 1:13:00]} 23. Re1
{[%clk 0:56:00]} Rfd8 {[%clk 1:13:00]} 24. Bc3 {[%clk 0:54:00]} Rd5 {[%clk
1:11:00]} 25. Rbb1 {[%clk 0:53:00]} g5 {[%clk 1:09:00]} 26. Rxe4 {[%clk 0:47:00]}
f5 {[%clk 1:09:00]} 27. Re2 {[%clk 0:45:00]} Rad8 {[%clk 1:08:00]} 28. Rbe1
{[%clk 0:38:00]} Nd3 {[%clk 1:07:00]} 29. Rd1 {[%clk 0:25:00]} Nf4 {[%clk
1:06:00]} 30. Red2 {[%clk 0:13:52]} Ne2+ {[%clk 1:06:00]} 31. Rxe2 {[%clk
0:14:13]} Rxd1+ {[%clk 1:06:00]} 32. Be1 {[%clk 0:14:38]} Nd4 {[%clk 1:07:00]}
33. Re5 {[%clk 0:12:20]} Rd5 {[%clk 1:07:00]} 34. Re3 {[%clk 0:11:12]} Nc2 {[%clk
1:08:00]} 35. Kf1 {[%clk 0:11:09]} Nxe3+ {[%clk 1:08:00]} 36. fxe3 {[%clk
0:11:28]} Ra1 {[%clk 1:08:00]} 37. Nf2 {[%clk 0:11:33]} Rxa2 {[%clk 1:08:00]} 38.
Bc3 {[%clk 0:11:06]} a5 {[%clk 1:09:00]} 39. h3 {[%clk 0:10:51]} a4 {[%clk
1:09:00]} 40. Kg1 {[%clk 0:10:52]} a3 {[%clk 1:09:00]} 41. e4 {[%clk 0:11:22]}
Rc5 {[%clk 1:09:00]} 42. Bb4 {[%clk 0:11:09]} Rc1+ {[%clk 1:10:00]} 43. Kh2
{[%clk 0:11:34]} Rxf2 {[%clk 1:10:00]} 44. Bxa3 {[%clk 0:11:49]} Rcc2 {[%clk
1:11:00]} 45. exf5 {[%clk 0:10:52]} Rxg2+ {[%clk 1:11:00]} 46. Kh1 {[%clk
0:11:16]} Rgd2 {[%clk 1:11:00]} 0-1

[Event "Campeonato España Sub 12"]
[Site "Salobreña"]
[Date "2017.07.12"]
[Round "4"]
[White "Garrido Outon, Alex"]
[Black "Movsisyan, Tigran"]
[Result "1-0"]
[Board "7"]
[WhiteClock "1:30"]
[WhiteElo "2074"]
[WhiteCountry "ESP"]
[WhiteFideId "24516279"]
[WhiteEloChange "2"]
[BlackClock "1:30"]
[BlackElo "1542"]
[BlackCountry "ESP"]
[BlackFideId "24581364"]
[BlackEloChange "-2"]

1. e4 {[%clk 1:30:00]} d5 {[%clk 1:30:00]} 2. exd5 {[%clk 1:31:00]} Qxd5 {[%clk
1:30:00]} 3. Nc3 {[%clk 1:31:00]} Qa5 {[%clk 1:30:00]} 4. Bc4 {[%clk 1:30:00]}
Nf6 {[%clk 1:29:00]} 5. d3 {[%clk 1:30:00]} c6 {[%clk 1:28:00]} 6. Bd2 {[%clk
1:29:00]} Qd8 {[%clk 1:21:00]} 7. Qe2 {[%clk 1:28:00]} Bf5 {[%clk 1:19:00]} 8. h3
{[%clk 1:24:00]} e6 {[%clk 1:17:00]} 9. g4 {[%clk 1:22:00]} Bg6 {[%clk 1:16:00]}
10. h4 {[%clk 1:11:00]} h6 {[%clk 1:11:00]} 11. Nh3 {[%clk 1:09:00]} Nd5 {[%clk
0:56:00]} 12. Bxd5 {[%clk 0:47:00]} cxd5 {[%clk 0:50:00]} 13. Nf4 {[%clk
0:45:00]} d4 {[%clk 0:48:00]} 14. Nb5 {[%clk 0:31:00]} Bh7 {[%clk 0:44:00]} 15.
a4 {[%clk 0:22:00]} a6 {[%clk 0:39:00]} 16. Na3 {[%clk 0:21:00]} Be7 {[%clk
0:28:00]} 17. g5 {[%clk 0:18:48]} Bf5 {[%clk 0:20:00]} 18. Nc4 {[%clk 0:16:15]}
hxg5 {[%clk 0:17:56]} 19. Ba5 {[%clk 0:16:15]} Qc8 {[%clk 0:17:04]} 20. Qe5
{[%clk 0:08:19]} Qc6 {[%clk 0:13:09]} 21. O-O-O {[%clk 0:04:53]} gxf4 {[%clk
0:12:43]} 22. Qxg7 {[%clk 0:04:44]} Rh7 {[%clk 0:09:12]} 23. Qg8+ {[%clk
0:04:54]} Bf8 {[%clk 0:09:40]} 24. Bb4 {[%clk 0:04:25]} Nd7 {[%clk 0:09:16]} 25.
Nd6+ {[%clk 0:04:09]} Kd8 {[%clk 0:08:52]} 26. Nxf5 {[%clk 0:03:58]} exf5 {[%clk
0:09:01]} 27. Bxf8 {[%clk 0:04:01]} Nxf8 {[%clk 0:08:51]} 28. Qxf8+ {[%clk
0:04:21]} Qe8 {[%clk 0:09:12]} 29. Qd6+ {[%clk 0:03:37]} Qd7 {[%clk 0:08:24]} 30.
Qf8+ {[%clk 0:03:33]} Qe8 {[%clk 0:07:53]} 31. Qd6+ {[%clk 0:04:03]} Qd7 {[%clk
0:08:22]} 32. Qxf4 {[%clk 0:04:31]} Rc8 {[%clk 0:08:00]} 33. Rhg1 {[%clk
0:04:05]} Rh8 {[%clk 0:07:11]} 34. b3 {[%clk 0:04:06]} Qe6 {[%clk 0:06:29]} 35.
Qxd4+ {[%clk 0:04:26]} Kc7 {[%clk 0:06:49]} 36. Kb2 {[%clk 0:01:50]} Kb8 {[%clk
0:06:38]} 37. Qf4+ {[%clk 0:01:16]} Ka8 {[%clk 0:06:47]} 38. Rg5 {[%clk 0:00:40]}
Qe2 {[%clk 0:06:27]} 39. Rd2 {[%clk 0:00:43]} Rxh4 {[%clk 0:06:03]} 40. Qxf5
{[%clk 0:00:53]} Qe8 {[%clk 0:05:13]} 41. Rg7 {[%clk 0:00:36]} Qh8 {[%clk
0:03:44]} 42. Qxf7 {[%clk 0:00:32]} Rb8 {[%clk 0:03:51]} 43. c3 {[%clk 0:00:35]}
Qh6 {[%clk 0:03:57]} 44. Rc2 {[%clk 0:00:52]} Rf4 {[%clk 0:03:51]} 45. Qg6 {[%clk
0:00:54]} Qh8 {[%clk 0:03:14]} 46. Qh7 {[%clk 0:00:43]} Qf8 {[%clk 0:03:28]} 47.
Rg2 {[%clk 0:00:44]} Rf7 {[%clk 0:03:32]} 48. Qe4 {[%clk 0:00:49]} Rf4 {[%clk
0:03:34]} 49. Qe5 {[%clk 0:00:45]} Rf5 {[%clk 0:03:32]} 50. Qg7 {[%clk 0:01:13]}
Qd8 {[%clk 0:03:38]} 51. d4 {[%clk 0:01:21]} Qd5 {[%clk 0:03:45]} 52. Re2 {[%clk
0:00:58]} Rf3 {[%clk 0:03:21]} 53. Qe5 {[%clk 0:00:49]} Qc6 {[%clk 0:03:35]} 54.
d5 {[%clk 0:01:06]} Qd7 {[%clk 0:03:27]} 55. Re3 {[%clk 0:01:13]} Rf5 {[%clk
0:02:56]} 56. Qe6 {[%clk 0:01:42]} Qh7 {[%clk 0:02:36]} 57. Qg6 {[%clk 0:00:44]}
Qd7 {[%clk 0:01:18]} 58. c4 {[%clk 0:00:44]} Rbf8 {[%clk 0:01:12]} 59. Re2 {[%clk
0:00:58]} R5f6 {[%clk 0:01:32]} 60. Qg4 {[%clk 0:00:38]} Qf7 {[%clk 0:01:01]} 61.
Qg7 {[%clk 0:00:33]} Qh5 {[%clk 0:01:09]} 62. Qg4 {[%clk 0:00:42]} Qh7 {[%clk
0:01:09]} 63. Rd2 {[%clk 0:00:38]} Rf4 {[%clk 0:01:05]} 64. Qg6 {[%clk 0:00:54]}
Qh8+ {[%clk 0:01:06]} 65. Qg7 {[%clk 0:01:18]} Qh4 {[%clk 0:01:32]} 66. d6 {[%clk
0:01:04]} R4f7 {[%clk 0:01:25]} 67. Qg5 {[%clk 0:00:55]} Qh8+ {[%clk 0:01:27]}
68. Ka2 {[%clk 0:00:51]} Rd7 {[%clk 0:01:15]} 69. Rg3 {[%clk 0:00:40]} Rfd8
{[%clk 0:01:18]} 70. c5 {[%clk 0:00:46]} Qh1 {[%clk 0:01:19]} 71. Rg1 {[%clk
0:00:42]} Qf3 {[%clk 0:01:29]} 72. Qd5 {[%clk 0:00:47]} Qc3 {[%clk 0:01:36]} 73.
Qd4 {[%clk 0:00:54]} Qf3 {[%clk 0:01:51]} 74. Rg7 {[%clk 0:01:03]} Rxg7 {[%clk
0:01:25]} 75. Qxg7 {[%clk 0:01:30]} Qc6 {[%clk 0:01:35]} 76. Qc7 {[%clk 0:01:17]}
Qe8 {[%clk 0:00:49]} 77. d7 {[%clk 0:01:32]} Qe7 {[%clk 0:01:02]} 78. c6 {[%clk
0:01:36]} bxc6 {[%clk 0:01:02]} 79. Qxc6+ {[%clk 0:01:28]} Ka7 {[%clk 0:01:31]}
80. Rd6 {[%clk 0:01:42]} Qe2+ {[%clk 0:01:27]} 81. Ka3 {[%clk 0:02:03]} Qe7
{[%clk 0:01:45]} 82. b4 {[%clk 0:02:03]} 1-0

[Event "Campeonato España Sub 12"]
[Site "Salobreña"]
[Date "2017.07.12"]
[Round "4"]
[White "Zhou, Lulu"]
[Black "Serrano Ruiz, Lope"]
[Result "1-0"]
[Board "8"]
[WhiteClock "1:30"]
[WhiteElo "1964"]
[WhiteCountry "ESP"]
[WhiteFideId "24540943"]
[WhiteEloChange "2"]
[BlackClock "1:30"]
[BlackElo "1400"]
[BlackCountry "ESP"]
[BlackFideId "24548871"]
[BlackEloChange "-2"]

1. e4 {[%clk 1:30:00]} Nf6 {[%clk 1:30:00]} 2. e5 {[%clk 1:30:00]} Nd5 {[%clk
1:31:00]} 3. d4 {[%clk 1:31:00]} d6 {[%clk 1:31:00]} 4. c4 {[%clk 1:30:00]} Nb6
{[%clk 1:32:00]} 5. f4 {[%clk 1:30:00]} dxe5 {[%clk 1:32:00]} 6. fxe5 {[%clk
1:30:00]} Nc6 {[%clk 1:31:00]} 7. Be3 {[%clk 1:29:00]} Bf5 {[%clk 1:30:00]} 8. a3
{[%clk 1:20:00]} e6 {[%clk 1:27:00]} 9. Nf3 {[%clk 1:09:00]} Rb8 {[%clk 1:26:00]}
10. Nbd2 {[%clk 1:03:00]} Be7 {[%clk 1:24:00]} 11. Be2 {[%clk 1:03:00]} Bh4+
{[%clk 1:23:00]} 12. Nxh4 {[%clk 0:58:00]} Qxh4+ {[%clk 1:23:00]} 13. Bf2 {[%clk
0:58:00]} Qd8 {[%clk 1:16:00]} 14. Nf3 {[%clk 0:54:00]} Bg4 {[%clk 1:15:00]} 15.
b3 {[%clk 0:55:00]} O-O {[%clk 1:15:00]} 16. O-O {[%clk 0:54:00]} Qd7 {[%clk
1:13:00]} 17. Qd3 {[%clk 0:50:00]} Bxf3 {[%clk 1:13:00]} 18. gxf3 {[%clk
0:50:00]} Rbd8 {[%clk 1:08:00]} 19. Rad1 {[%clk 0:48:00]} Qe7 {[%clk 1:08:00]}
20. Qe4 {[%clk 0:35:00]} f5 {[%clk 1:00:00]} 21. exf6 {[%clk 0:33:00]} gxf6
{[%clk 0:51:00]} 22. Kh1 {[%clk 0:32:00]} Kh8 {[%clk 0:51:00]} 23. Rg1 {[%clk
0:26:00]} Rg8 {[%clk 0:50:00]} 24. Rxg8+ {[%clk 0:25:00]} Rxg8 {[%clk 0:50:00]}
25. Bh4 {[%clk 0:24:00]} Qg7 {[%clk 0:50:00]} 26. Bg3 {[%clk 0:22:00]} f5 {[%clk
0:48:00]} 27. Qe3 {[%clk 0:21:00]} Qg6 {[%clk 0:46:00]} 28. d5 {[%clk 0:14:45]}
exd5 {[%clk 0:34:00]} 29. cxd5 {[%clk 0:15:11]} Nxd5 {[%clk 0:33:00]} 30. Rxd5
{[%clk 0:15:08]} h5 {[%clk 0:33:00]} 31. Bf1 {[%clk 0:14:45]} h4 {[%clk 0:32:00]}
32. Bxh4 {[%clk 0:14:07]} f4 {[%clk 0:32:00]} 33. Qc3+ {[%clk 0:13:36]} Rg7
{[%clk 0:32:00]} 34. Bf2 {[%clk 0:13:59]} Kh7 {[%clk 0:30:00]} 35. Bd3 {[%clk
0:13:59]} 1-0

[Event "Campeonato España Sub 12"]
[Site "Salobreña"]
[Date "2017.07.12"]
[Round "4"]
[White "Moll Gener, Joan"]
[Black "Travesset Sagre, Jan"]
[Result "1/2-1/2"]
[Board "9"]
[WhiteClock "1:30"]
[WhiteElo "1593"]
[WhiteCountry "ESP"]
[WhiteFideId "24505960"]
[WhiteEloChange "5"]
[BlackClock "1:30"]
[BlackElo "1792"]
[BlackCountry "ESP"]
[BlackFideId "24538701"]
[BlackEloChange "-5"]

1. e4 {[%clk 1:30:00]} g6 {[%clk 1:30:00]} 2. d4 {[%clk 1:31:00]} c6 {[%clk
1:31:00]} 3. Nc3 {[%clk 1:31:00]} d5 {[%clk 1:30:00]} 4. e5 {[%clk 1:27:00]} Bg7
{[%clk 1:30:00]} 5. f4 {[%clk 1:27:00]} h5 {[%clk 1:30:00]} 6. Nf3 {[%clk
1:27:00]} Nh6 {[%clk 1:30:00]} 7. Bd3 {[%clk 1:21:00]} Bg4 {[%clk 1:30:00]} 8. h3
{[%clk 1:21:00]} Bxf3 {[%clk 1:30:00]} 9. Qxf3 {[%clk 1:21:00]} e6 {[%clk
1:26:00]} 10. Bd2 {[%clk 1:19:00]} h4 {[%clk 1:21:00]} 11. Ne2 {[%clk 1:15:00]}
Bf8 {[%clk 1:16:00]} 12. Qf2 {[%clk 1:10:00]} Be7 {[%clk 1:12:00]} 13. Ng1 {[%clk
1:06:00]} Nd7 {[%clk 1:04:00]} 14. Nf3 {[%clk 1:02:00]} Nf5 {[%clk 0:59:00]} 15.
Bxf5 {[%clk 0:55:00]} gxf5 {[%clk 0:55:00]} 16. g4 {[%clk 0:54:00]} hxg3 {[%clk
0:53:00]} 17. Qxg3 {[%clk 0:55:00]} Bh4 {[%clk 0:24:00]} 18. Nxh4 {[%clk
0:55:00]} Qxh4 {[%clk 0:25:00]} 19. Qxh4 {[%clk 0:55:00]} Rxh4 {[%clk 0:25:00]}
20. O-O-O {[%clk 0:55:00]} Nf8 {[%clk 0:24:00]} 21. Rdf1 {[%clk 0:54:00]} Ng6
{[%clk 0:25:00]} 22. Rf3 {[%clk 0:53:00]} Kd7 {[%clk 0:24:00]} 23. Kd1 {[%clk
0:51:00]} b6 {[%clk 0:23:00]} 24. Ke1 {[%clk 0:51:00]} c5 {[%clk 0:22:00]} 25.
dxc5 {[%clk 0:49:00]} bxc5 {[%clk 0:22:00]} 26. Ke2 {[%clk 0:47:00]} Kc6 {[%clk
0:20:00]} 27. a4 {[%clk 0:40:00]} Rb8 {[%clk 0:20:00]} 28. b3 {[%clk 0:39:00]} a6
{[%clk 0:17:35]} 29. Kd3 {[%clk 0:33:00]} Rg8 {[%clk 0:12:22]} 30. c3 {[%clk
0:31:00]} c4+ {[%clk 0:08:32]} 31. bxc4 {[%clk 0:31:00]} dxc4+ {[%clk 0:09:00]}
32. Kc2 {[%clk 0:29:00]} Rd8 {[%clk 0:07:07]} 33. Be3 {[%clk 0:19:38]} Rd3 {[%clk
0:04:57]} 34. Rd1 {[%clk 0:19:35]} Rxd1 {[%clk 0:04:33]} 35. Kxd1 {[%clk
0:20:00]} Kd5 {[%clk 0:04:52]} 36. Bd2 {[%clk 0:16:22]} Ke4 {[%clk 0:03:49]} 37.
Re3+ {[%clk 0:16:00]} Kxf4 {[%clk 0:01:56]} 38. Re2+ {[%clk 0:16:20]} Kf3 {[%clk
0:00:04]} 39. Re3+ {[%clk 0:16:20]} Kg2 {[%clk 0:00:04]} 40. Re2+ {[%clk
0:16:20]} 1/2-1/2

[Event "Campeonato España Sub 12"]
[Site "Salobreña"]
[Date "2017.07.12"]
[Round "4"]
[White "Lopez Nunez, Alonso"]
[Black "Garcia Molina, Jose"]
[Result "0-1"]
[Board "10"]
[WhiteClock "1:30"]
[WhiteElo "1388"]
[WhiteCountry "ESP"]
[WhiteFideId "24544213"]
[WhiteEloChange "-4"]
[BlackClock "1:30"]
[BlackElo "1657"]
[BlackCountry "ESP"]
[BlackFideId "32030592"]
[BlackEloChange "4"]

1. d4 {[%clk 1:30:00]} Nf6 {[%clk 1:30:00]} 2. Bf4 {[%clk 1:30:00]} e6 {[%clk
1:30:00]} 3. Nf3 {[%clk 1:30:00]} c5 {[%clk 1:30:00]} 4. e3 {[%clk 1:30:00]} b6
{[%clk 1:30:00]} 5. Nbd2 {[%clk 1:30:00]} Bb7 {[%clk 1:30:00]} 6. Bd3 {[%clk
1:30:00]} d6 {[%clk 1:30:00]} 7. c3 {[%clk 1:30:00]} Be7 {[%clk 1:28:00]} 8. O-O
{[%clk 1:28:00]} Nc6 {[%clk 1:25:00]} 9. Qc2 {[%clk 1:27:00]} Rc8 {[%clk
1:23:00]} 10. dxc5 {[%clk 1:24:00]} bxc5 {[%clk 1:23:00]} 11. Ne4 {[%clk
1:22:00]} h6 {[%clk 1:12:00]} 12. Rad1 {[%clk 1:22:00]} Nxe4 {[%clk 1:02:00]} 13.
Bxe4 {[%clk 1:22:00]} Qc7 {[%clk 0:59:00]} 14. Rd2 {[%clk 1:17:00]} O-O {[%clk
0:56:00]} 15. Qb1 {[%clk 1:09:00]} Rfd8 {[%clk 0:51:00]} 16. Rfd1 {[%clk
1:04:00]} Ba6 {[%clk 0:45:00]} 17. Rc1 {[%clk 0:56:00]} Qb6 {[%clk 0:42:00]} 18.
b3 {[%clk 0:43:00]} d5 {[%clk 0:38:00]} 19. Bc2 {[%clk 0:43:00]} Bf6 {[%clk
0:38:00]} 20. Bd1 {[%clk 0:39:00]} Qa5 {[%clk 0:31:00]} 21. Qc2 {[%clk 0:34:00]}
e5 {[%clk 0:30:00]} 22. Bg3 {[%clk 0:34:00]} e4 {[%clk 0:30:00]} 23. Ne1 {[%clk
0:33:00]} Be5 {[%clk 0:21:00]} 24. Bxe5 {[%clk 0:33:00]} Nxe5 {[%clk 0:21:00]}
25. Be2 {[%clk 0:33:00]} f5 {[%clk 0:20:00]} 26. Rcd1 {[%clk 0:33:00]} Bxe2
{[%clk 0:20:00]} 27. Rxe2 {[%clk 0:33:00]} d4 {[%clk 0:21:00]} 28. cxd4 {[%clk
0:32:00]} cxd4 {[%clk 0:21:00]} 29. Qd2 {[%clk 0:31:00]} Qxd2 {[%clk 0:21:00]}
30. Rexd2 {[%clk 0:31:00]} d3 {[%clk 0:21:00]} 31. h3 {[%clk 0:30:00]} Kf7 {[%clk
0:21:00]} 32. f3 {[%clk 0:31:00]} Ke6 {[%clk 0:19:37]} 33. Kf2 {[%clk 0:31:00]}
Rd7 {[%clk 0:17:51]} 34. g4 {[%clk 0:31:00]} g6 {[%clk 0:18:16]} 35. gxf5+ {[%clk
0:31:00]} gxf5 {[%clk 0:18:39]} 36. fxe4 {[%clk 0:31:00]} fxe4 {[%clk 0:19:01]}
37. Ng2 {[%clk 0:28:00]} Nf3 {[%clk 0:18:45]} 38. Nf4+ {[%clk 0:27:00]} Kf5
{[%clk 0:18:37]} 39. Nxd3 {[%clk 0:27:00]} Nxd2 {[%clk 0:18:53]} 40. Nf4 {[%clk
0:27:00]} 0-1

[Event "Campeonato España Sub 12"]
[Site "Salobreña"]
[Date "2017.07.12"]
[Round "4"]
[White "Maldonado Mena, German"]
[Black "Bagur Bosch, Maria"]
[Result "1-0"]
[Board "11"]
[WhiteClock "n/a"]
[WhiteElo "1620"]
[WhiteCountry "ESP"]
[WhiteFideId "24516422"]
[WhiteEloChange "7"]
[BlackClock "n/a"]
[BlackElo "1498"]
[BlackCountry "ESP"]
[BlackFideId "24554022"]
[BlackEloChange "-7"]

1. d4 {[%clk 1:30:30]} Nf6 {[%clk 1:30:30]} 2. Bf4 {[%clk 1:30:30]} e6 {[%clk
1:30:30]} 3. Nf3 {[%clk 1:30:30]} d5 {[%clk 1:30:30]} 4. e3 {[%clk 1:30:30]} c5
{[%clk 1:30:30]} 5. c3 {[%clk 1:30:30]} Nc6 {[%clk 1:30:30]} 6. Bd3 {[%clk
1:30:30]} b6 {[%clk 1:30:30]} 7. Nbd2 {[%clk 1:30:30]} Bb7 {[%clk 1:30:30]} 8. h3
{[%clk 1:30:30]} Bd6 {[%clk 1:30:30]} 9. Ne5 {[%clk 1:30:30]} Qc7 {[%clk
1:30:30]} 10. Ndf3 {[%clk 1:30:30]} Ne4 {[%clk 1:30:30]} 11. Nxc6 {[%clk
1:30:30]} Bxf4 {[%clk 1:30:30]} 12. Nce5 {[%clk 1:30:30]} Bxe5 {[%clk 1:30:30]}
13. Nxe5 {[%clk 1:30:30]} O-O {[%clk 1:30:30]} 14. O-O {[%clk 1:30:30]} c4 {[%clk
1:30:30]} 15. Bc2 {[%clk 1:30:30]} b5 {[%clk 1:30:30]} 16. a4 {[%clk 1:30:30]} a6
{[%clk 1:30:30]} 17. Qe2 {[%clk 1:30:30]} Bc6 {[%clk 1:30:30]} 18. Rfb1 {[%clk
1:30:30]} Rfd8 {[%clk 1:30:30]} 19. Nf3 {[%clk 1:30:30]} f6 {[%clk 1:30:30]} 20.
Nd2 {[%clk 1:30:30]} e5 {[%clk 1:30:30]} 21. Nxe4 {[%clk 1:30:30]} dxe4 {[%clk
1:30:30]} 22. Qg4 {[%clk 1:30:30]} exd4 {[%clk 1:30:30]} 23. exd4 {[%clk
1:30:30]} Re8 {[%clk 1:30:30]} 24. Re1 {[%clk 1:30:30]} Qb7 {[%clk 1:30:30]} 25.
a5 {[%clk 1:30:30]} Bd7 {[%clk 1:30:30]} 26. Bxe4 {[%clk 1:30:30]} Qc7 {[%clk
1:30:30]} 27. Qh4 {[%clk 1:30:30]} Rxe4 {[%clk 1:30:30]} 28. Qxe4 {[%clk
1:30:30]} Re8 {[%clk 1:30:30]} 29. Qd5+ {[%clk 1:30:30]} Kf8 {[%clk 1:30:30]} 30.
Rxe8+ {[%clk 1:30:30]} Bxe8 {[%clk 1:30:30]} 31. Qc5+ {[%clk 1:30:30]} Qxc5
{[%clk 1:30:30]} 32. dxc5 {[%clk 1:30:30]} Ke7 {[%clk 1:30:30]} 33. Rd1 {[%clk
1:30:30]} Bd7 {[%clk 1:30:30]} 34. Kh2 {[%clk 1:30:30]} Bc8 {[%clk 1:30:30]} 35.
Kg3 {[%clk 1:30:30]} Bb7 {[%clk 1:30:30]} 36. Rd6 {[%clk 1:30:30]} Bc8 {[%clk
1:30:30]} 37. Kf4 {[%clk 1:30:30]} Bb7 {[%clk 1:30:30]} 38. g3 {[%clk 1:30:30]}
g5+ {[%clk 1:30:30]} 39. Ke3 {[%clk 1:30:30]} h5 {[%clk 1:30:30]} 40. h4 {[%clk
1:30:30]} Bc8 {[%clk 1:30:30]} 41. Rc6 {[%clk 1:30:30]} Bd7 {[%clk 1:30:30]} 42.
Rxa6 {[%clk 1:30:30]} Bc8 {[%clk 1:30:30]} 43. Ra7+ {[%clk 1:30:30]} Ke6 {[%clk
1:30:30]} 44. Rc7 {[%clk 1:30:30]} Bd7 {[%clk 1:30:30]} 45. a6 {[%clk 1:30:30]}
1-0

[Event "Campeonato España Sub 12"]
[Site "Salobreña"]
[Date "2017.07.12"]
[Round "4"]
[White "Vara Soler, Luis"]
[Black "Sanchez Lopez, Jesus"]
[Result "1/2-1/2"]
[Board "12"]
[WhiteClock "1:30"]
[WhiteElo "1489"]
[WhiteCountry "ESP"]
[WhiteFideId "24560936"]
[WhiteEloChange "3"]
[BlackClock "1:30"]
[BlackElo "1606"]
[BlackCountry "ESP"]
[BlackFideId "24500011"]
[BlackEloChange "-3"]

1. e4 {[%clk 1:30:00]} e5 {[%clk 1:30:00]} 2. Nf3 {[%clk 1:31:00]} Nf6 {[%clk
1:31:00]} 3. Nxe5 {[%clk 1:31:00]} Nxe4 {[%clk 1:31:00]} 4. Qe2 {[%clk 1:31:00]}
Qe7 {[%clk 1:31:00]} 5. Qxe4 {[%clk 1:32:00]} d6 {[%clk 1:32:00]} 6. d4 {[%clk
1:32:00]} dxe5 {[%clk 1:32:00]} 7. dxe5 {[%clk 1:32:00]} Nc6 {[%clk 1:32:00]} 8.
Nc3 {[%clk 1:32:00]} Qxe5 {[%clk 1:32:00]} 9. Qxe5+ {[%clk 1:33:00]} Nxe5 {[%clk
1:32:00]} 10. Bf4 {[%clk 1:32:00]} Bd6 {[%clk 1:30:00]} 11. Bg3 {[%clk 1:32:00]}
Bd7 {[%clk 1:29:00]} 12. Ne4 {[%clk 1:30:00]} Bc6 {[%clk 1:26:00]} 13. Nxd6+
{[%clk 1:29:00]} cxd6 {[%clk 1:25:00]} 14. O-O-O {[%clk 1:27:00]} O-O-O {[%clk
1:22:00]} 15. f3 {[%clk 1:24:00]} Rhe8 {[%clk 1:20:00]} 16. Bxe5 {[%clk 0:49:00]}
dxe5 {[%clk 1:18:00]} 17. Bc4 {[%clk 0:48:00]} f6 {[%clk 1:16:00]} 18. Rxd8+
{[%clk 0:44:00]} Rxd8 {[%clk 1:14:00]} 19. h4 {[%clk 0:42:00]} Rd4 {[%clk
1:05:00]} 20. Bd3 {[%clk 0:39:00]} e4 {[%clk 1:03:00]} 21. fxe4 {[%clk 0:39:00]}
Bxe4 {[%clk 1:03:00]} 22. Bxe4 {[%clk 0:40:00]} Rxe4 {[%clk 1:03:00]} 23. Kd2
{[%clk 0:36:00]} Rg4 {[%clk 1:02:00]} 24. Rh2 {[%clk 0:36:00]} Kd7 {[%clk
0:54:00]} 25. Ke3 {[%clk 0:34:00]} Ke6 {[%clk 0:44:00]} 26. Kf3 {[%clk 0:33:00]}
Rd4 {[%clk 0:35:00]} 27. g3 {[%clk 0:25:00]} a6 {[%clk 0:31:00]} 28. Re2+ {[%clk
0:25:00]} Kf7 {[%clk 0:32:00]} 29. Ke3 {[%clk 0:23:00]} Rd5 {[%clk 0:26:00]} 30.
Kf3 {[%clk 0:20:00]} Rd4 {[%clk 0:24:00]} 31. Ke3 {[%clk 0:20:00]} Rd5 {[%clk
0:22:00]} 32. Kf3 {[%clk 0:21:00]} h5 {[%clk 0:20:00]} 33. Re3 {[%clk 0:18:09]}
Rb5 {[%clk 0:11:17]} 34. b3 {[%clk 0:18:09]} Rf5+ {[%clk 0:08:48]} 35. Ke2 {[%clk
0:17:01]} 1/2-1/2